• 首页
  • 本馆介绍
  • 公告通知
  • 最新文献
  • 馆藏检索
  • 电子资源
  • 读者导购
  • 参考咨询
  • 我的图书馆
  • 登录
  • 详细信息显示
  • 放入我的书架
  • 预约/预借图书
  • 作者相关作品
  • 分类相关作品
  • 丛书相关作品
  • 出版社相关作品

书目信息

  • 表格格式
  • 工作单格式
  • 卡片格式
题名:
车辆悬架系统振动控制
    
 
作者: 张进秋 , 黄大山 , 姚军 著
分册:  
出版信息: 北京   国防工业出版社  2020.4
页数: 18,339页
开本: 24cm
丛书名:
单 册:
中图分类: U463.33
科图分类:
主题词: 车悬架--振动控制
电子资源:
ISBN: 978-7-118-11987-9
000 01579nam0 2200289 45
001 012001001294
005 20140913135333.0
010    @a978-7-118-11987-9@b精装@dCNY169.00
100    @a20200904d2020 em y0chiy50 ea
101 0  @achi@deng
102    @aCN@b110000
105    @aa z 000yy
106    @ar
200 1  @a车辆悬架系统振动控制@Ache liang xuan jia xi tong zhen dong kong zhi@b专著@dVibration control of vehicle suspension system@f张进秋,黄大山,姚军著@zeng
210    @a北京@c国防工业出版社@d2020.4
215    @a18,339页@c图@d24cm
300    @a国防科技图书出版基金
300    @a并列题名:Vibration control of vehicle suspension system
330    @a本书总结和阐明了车辆先进悬架系统振动控制相关的理论基础以及控制算法,介绍与论述了各类典型的车辆悬架振动控制算法的设计与改进措施。内容包括:建立整车、半车、1/4车辆悬架系统的数学模型;建立等级公路、正弦、冲击路面激励的数学模型;明确车辆悬架振动特性的评价指标,并依据振动控制的目标,确立车辆悬架系统振动特性评价函数;总结基于Matlab仿真软件的车辆悬架系统振动特性时域分析和频域分析的分析方法;讨论了天棚控制、地棚控制、加速度阻尼控制、PID控制、LQR、ADRC和状态反馈H∞控制共7种车辆悬架系统振动控制算法,针对每种控制算法均提出了相应的改进设计,并给出了振动控制特性的对比分析。
510 1  @aVibration control of vehicle suspension system@zeng
606 0  @a车悬架@x振动控制
690    @aU463.33@v5
701  0 @a张进秋@Azhang jin qiu@f(1963-)@4著
701  0 @a黄大山@Ahuang da shan@f(1988-)@4著
701  0 @a姚军@Ayao jun@f(1971-)@4著
801  0 @aCN@bBJSDL@c20211011
905    @b1333809-12@dU463.33@e1045@f4
    
    车辆悬架系统振动控制=Vibration control of vehicle suspension system/张进秋,黄大山,姚军著.-北京:国防工业出版社,2020.4
    18,339页:图;24cm
    国防科技图书出版基金.-并列题名:Vibration control of vehicle suspension system
    
    ISBN 978-7-118-11987-9(精装):CNY169.00
    本书总结和阐明了车辆先进悬架系统振动控制相关的理论基础以及控制算法,介绍与论述了各类典型的车辆悬架振动控制算法的设计与改进措施。内容包括:建立整车、半车、1/4车辆悬架系统的数学模型;建立等级公路、正弦、冲击路面激励的数学模型;明确车辆悬架振动特性的评价指标,并依据振动控制的目标,确立车辆悬架系统振动特性评价函数;总结基于Matlab仿真软件的车辆悬架系统振动特性时域分析和频域分析的分析方法;讨论了天棚控制、地棚控制、加速度阻尼控制、PID控制、LQR、ADRC和状态反馈H∞控制共7种车辆悬架系统振动控制算法,针对每种控制算法均提出了相应的改进设计,并给出了振动控制特性的对比分析。
●
相关链接 在E读中查询图书 在五车中查询图书 在当当中查询图书 在豆瓣中查询图书


正题名:车辆悬架系统振动控制     索取号:U463.33/1045         预约/预借

序号 登录号 条形码 馆藏地/架位号 状态 备注
1 1333809   213338093   第二样本阅览室/ [索取号:U463.33/1045] 在馆    
2 1333810   213338100   第三借阅区/ [索取号:U463.33/1045] 在馆    
3 1333811   213338119   第三借阅区/ [索取号:U463.33/1045] 在馆    
4 1333812   213338128   第三借阅区/ [索取号:U463.33/1045] 在馆    
唐山师范学院图书馆 欢迎您!
大连网信软件有限公司© 版权所有